[Event "Stay Safe Play From Home 387"]
[Site "Emanuel Lasker Arena"]
[Date "2020.08.16"]
[Round "5"]
[White "Lazieri3"]
[Black "Don59as"]
[Result "0-1"]
[WhiteElo "1949"]
[BlackElo "1968"]
[Annotator "NA RC"]
[PlyCount "146"]
[EventDate "2020.08.16"]
[EventType "swiss (blitz)"]

1. e4 {[%emt 0:00:03]} e5 {[%emt 0:00:01]} 2. Nf3 {[%emt 0:00:01]} Nc6 {[%emt 0:00:01]} 3. Nc3 {[%emt 0:00:01]} d6 {[%emt 0:00:01]} 4. d4 {[%emt 0:00:02]} exd4 {[%emt 0:00:00]} 5. Nxd4 {[%emt 0:00:00]} Nf6 {[%emt 0:00:02]} 6. Nxc6 {[%emt 0:00:01]} bxc6 {[%emt 0:00:00]} 7. Bd3 {[%emt 0:00:01]} Be7 {[%emt 0:00:01]} 8. O-O {[%emt 0:00:01]} Rb8 {[%emt 0:00:00]} 9. b3 {[%emt 0:00:02]} Nd7 {[%emt 0:00:01]} 10. Bb2 {[%emt 0:00:01]} Bf6 {[%emt 0:00:01]} 11. Na4 {[%emt 0:00:01]} O-O {[%emt 0:00:02]} 12. Bxf6 {[%emt 0:00:01]} Qxf6 {[%emt 0:00:01]} 13. Qd2 {[%emt 0:00:03]} Ne5 {[%emt 0:00:02]} 14. Qc3 {[%emt 0:00:03]} Qg6 {[%emt 0:00:11]} 15. f4 {[%emt 0:00:01]} Nxd3 {[%emt 0:00:02]} 16. Qxd3 {[%emt 0:00:17]} Rb4 {[%emt 0:00:07]} 17. Nc3 {[%emt 0:00:08]} Re8 {[%emt 0:00:07]} 18. Rae1 {[%emt 0:00:03]} c5 {[%emt 0:00:03]} 19. a3 {[%emt 0:00:01]} Rd4 {[%emt 0:00:01]} 20. Qb5 {[%emt 0:00:09]} Kf8 {[%emt 0:00:11]} 21. Qc6 {[%emt 0:00:31]} Rd2 {[%emt 0:00:06]} 22. Rf2 {[%emt 0:00:09]} Rxf2 {[%emt 0:00:06]} 23. Kxf2 {[%emt 0:00:00]} Qh6 {[%emt 0:00:02]} 24. Qxc7 {[%emt 0:00:15]} Qxf4+ {[%emt 0:00:06]} 25. Kg1 {[%emt 0:00:00]} Be6 {[%emt 0:00:09]} 26. Nb5 {[%emt 0:00:37]} Qd2 {[%emt 0:00:21]} 27. Qxd6+ {[%emt 0:00:08]} Qxd6 {[%emt 0:00:02]} 28. Nxd6 {[%emt 0:00:00]} Rd8 {[%emt 0:00:01]} 29. e5 {[%emt 0:00:19]} Ke7 {[%emt 0:00:10]} 30. Kf2 {[%emt 0:00:05]} f6 {[%emt 0:00:01]} 31. Ne4 {[%emt 0:00:01]} fxe5 {[%emt 0:00:05]} 32. Nxc5 {[%emt 0:00:02]} Rd2+ {[%emt 0:00:01]} 33. Re2 {[%emt 0:00:02]} Rd5 {[%emt 0:00:03]} 34. Nxe6 {[%emt 0:00:02]} Kxe6 {[%emt 0:00:01]} 35. Ke3 {[%emt 0:00:01]} Rd1 {[%emt 0:00:09]} 36. Rd2 {[%emt 0:00:05]} Re1+ {[%emt 0:00:02]} 37. Kf2 {[%emt 0:00:01]} Rc1 {[%emt 0:00:03]} 38. Ke2 {[%emt 0:00:04]} e4 {[%emt 0:00:02]} 39. Ke3 {[%emt 0:00:01]} Ke5 {[%emt 0:00:01]} 40. g3 {[%emt 0:00:43]} g5 {[%emt 0:00:07]} 41. a4 {[%emt 0:00:05]} h5 {[%emt 0:00:01]} 42. b4 {[%emt 0:00:07]} h4 {[%emt 0:00:12]} 43. gxh4 {[%emt 0:00:03]} gxh4 {[%emt 0:00:00]} 44. a5 {[%emt 0:00:04]} Re1+ {[%emt 0:00:03]} 45. Kf2 {[%emt 0:00:01]} Rb1 {[%emt 0:00:01]} 46. Ke3 {[%emt 0:00:05]} Rxb4 {[%emt 0:00:04]} 47. Rd7 {[%emt 0:00:01]} Rc4 {[%emt 0:00:05]} 48. Re7+ {[%emt 0:00:05]} Kf5 {[%emt 0:00:01]} 49. Rf7+ {[%emt 0:00:01]} Kg4 {[%emt 0:00:01]} 50. Rxa7 {[%emt 0:00:01]} Rxc2 {[%emt 0:00:02]} 51. Kxe4 {[%emt 0:00:01]} Rxh2 {[%emt 0:00:01]} 52. Rg7+ {[%emt 0:00:01]} Kh3 {[%emt 0:00:01]} 53. a6 {[%emt 0:00:01]} Ra2 {[%emt 0:00:01]} 54. a7 {[%emt 0:00:01]} Kh2 {[%emt 0:00:00]} 55. Kf3 {[%emt 0:00:00]} h3 {[%emt 0:00:02]} 56. Ke3 {[%emt 0:00:03]} Kh1 {[%emt 0:00:04]} 57. Kf3 {[%emt 0:00:01]} h2 {[%emt 0:00:03]} 58. Ke3 {[%emt 0:00:01]} Ra3+ {[%emt 0:00:04]} 59. Kf2 {[%emt 0:00:01]} Ra2+ {[%emt 0:00:01]} 60. Kf3 {[%emt 0:00:01]} Ra1 {[%emt 0:00:02]} 61. Kf2 {[%emt 0:00:02]} Ra6 {[%emt 0:00:03]} 62. Kf3 {[%emt 0:00:01]} Rf6+ {[%emt 0:00:01]} 63. Ke2 {[%emt 0:00:01]} Rf8 {[%emt 0:00:01]} 64. Ke3 {[%emt 0:00:01]} Ra8 {[%emt 0:00:01]} 65. Kf2 {[%emt 0:00:01]} Rf8+ {[%emt 0:00:01]} 66. Ke3 {[%emt 0:00:00]} Rc8 {[%emt 0:00:01]} 67. Kf2 {[%emt 0:00:00]} Ra8 {[%emt 0:00:04]} 68. Rb7 {[%emt 0:00:01]} Rf8+ {[%emt 0:00:03]} 69. Kg3 {[%emt 0:00:00]} Ra8 {[%emt 0:00:02]} 70. Rb2 {[%emt 0:00:01]} Rg8+ {[%emt 0:00:02]} 71. Kh3 {[%emt 0:00:00]} Rh8+ {[%emt 0:00:01]} 72. Kg3 {[%emt 0:00:01]} Rh3+ {[%emt 0:00:01]} 73. Kxh3 {[%emt 0:00:01] . . .} Kg1 {[%emt 0:00:05]} 0-1

[Event "Stay Safe Play From Home 387"]
[Site "Emanuel Lasker Arena"]
[Date "2020.08.16"]
[Round "5"]
[White "Dukic"]
[Black "Haris kollari 13"]
[Result "0-1"]
[WhiteElo "1711"]
[BlackElo "1879"]
[Annotator "NA"]
[PlyCount "84"]
[EventDate "2020.08.16"]
[EventType "swiss (blitz)"]

1. c4 {[%emt 0:01:46]} g6 {[%emt 0:00:03]} 2. Nc3 {[%emt 0:00:01]} Bg7 {[%emt 0:00:02]} 3. d4 {[%emt 0:00:00]} b6 {[%emt 0:00:01]} 4. Nf3 {[%emt 0:00:01]} Bb7 {[%emt 0:00:01]} 5. e4 {[%emt 0:00:01]} d6 {[%emt 0:00:03]} 6. Be3 {[%emt 0:00:02]} c6 {[%emt 0:00:01]} 7. Qd2 {[%emt 0:00:01]} Nd7 {[%emt 0:00:01]} 8. h3 {[%emt 0:00:04]} Qc7 {[%emt 0:00:01]} 9. Rc1 {[%emt 0:00:03]} h5 {[%emt 0:00:04]} 10. Be2 {[%emt 0:00:02]} Ngf6 {[%emt 0:00:03]} 11. Ng5 {[%emt 0:00:03]} Nh7 {[%emt 0:00:11]} 12. Nxh7 {[%emt 0:00:04]} Rxh7 {[%emt 0:00:01]} 13. f4 {[%emt 0:00:03]} c5 {[%emt 0:00:01]} 14. d5 {[%emt 0:00:13]} a6 {[%emt 0:00:01]} 15. a3 {[%emt 0:00:03]} f6 {[%emt 0:00:09]} 16. Rb1 {[%emt 0:00:01]} Kf7 {[%emt 0:00:05]} 17. O-O {[%emt 0:00:03]} Rah8 {[%emt 0:00:02]} 18. b4 {[%emt 0:00:03]} Bh6 {[%emt 0:00:07]} 19. Rb3 {[%emt 0:00:09]} cxb4 {[%emt 0:00:03]} 20. Rxb4 {[%emt 0:00:04]} a5 {[%emt 0:00:02]} 21. Rb2 {[%emt 0:00:03]} Ba6 {[%emt 0:00:01]} 22. Nb5 {[%emt 0:00:03]} Bxb5 {[%emt 0:00:01]} 23. Rxb5 {[%emt 0:00:01]} Rb8 {[%emt 0:00:01]} 24. Rfb1 {[%emt 0:00:01]} Rhh8 {[%emt 0:00:02]} 25. Bd3 {[%emt 0:00:19]} Rhg8 {[%emt 0:00:07]} 26. Qe2 {[%emt 0:00:43]} Rgc8 {[%emt 0:00:21]} 27. Rf1 {[%emt 0:00:06]} h4 {[%emt 0:00:04]} 28. Rbb1 {[%emt 0:00:02]} Rh8 {[%emt 0:00:04]} 29. Qg4 {[%emt 0:00:01]} Bg7 {[%emt 0:00:08]} 30. e5 {[%emt 0:00:02]} f5 {[%emt 0:00:04]} 31. Bxf5 {[%emt 0:00:03]} gxf5 {[%emt 0:00:02]} 32. Qxf5+ {[%emt 0:00:09]} Ke8 {[%emt 0:00:03]} 33. Qg6+ {[%emt 0:00:02]} Kf8 {[%emt 0:00:03]} 34. e6 {[%emt 0:00:01]} Kg8 {[%emt 0:00:11]} 35. Qf7+ {[%emt 0:00:04]} Kh7 {[%emt 0:00:01]} 36. Qxe7 {[%emt 0:00:04]} Qxc4 {[%emt 0:00:11]} 37. exd7 {[%emt 0:00:08]} Qxd5 {[%emt 0:00:14]} 38. Rfd1 {[%emt 0:00:02]} Qf5 {[%emt 0:00:09]} 39. Rxb6 {[%emt 0:00:06]} Rxb6 {[%emt 0:00:15]} 40. Bxb6 {[%emt 0:00:02]} Qf6 {[%emt 0:00:05]} 41. d8=Q {[%emt 0:00:11]} Rxd8 {[%emt 0:00:04]} 42. Bxd8 {[%emt 0:00:01]} Qxf4 {[%emt 0:00:03] Zeit Zeit Zeit (Lag: Av=0.46s, max=0.8s) (Lag: Av=0.46s, max=0.8s) (Lag: Av=0.46s, max=0.8s)} 0-1

[Event "Stay Safe Play From Home 387"]
[Site "Emanuel Lasker Arena"]
[Date "2020.08.16"]
[Round "5"]
[White "Fingerfehler1"]
[Black "Uttamchess"]
[Result "0-1"]
[WhiteElo "1613"]
[BlackElo "1997"]
[Annotator "TA"]
[PlyCount "112"]
[EventDate "2020.08.16"]
[EventType "swiss (blitz)"]
[WhiteTeam "SC Schwarz-Weiß Zell I"]

{[%evp 9,111,21,27,9,19,-6,-10,0,0,0,49,-36,72,6,70,63,73,47,43,0,17,-372,0,-259,-89,-156,0,-20,597,604,576,581,563,531,677,-74,0,0,0,0,0,0,0,0,0,-22,-22,-173,-162,-1180,-1079,-1717,-1643,-2901,-1627,-2767,-2135,-2922,-2791,-2387,-2262,-2625,-5405,-29986,-29985,-29986,-29987,-29988,-29987,-29987,-29988,-29988,-29989,-29989,-29990,-29990,-29991,-29991,-29990,-29990,-29991,-29991,-29992,-29992,-29993,-29993,-29993,-29994,-29994,-29995,-29995,-29996,-29996,-29996,-29997,-29997,-29998,-29998,-29999,-29999,-29998,-29998,-29999,-29999]} 1. e3 d5 2. c4 e6 3. cxd5 exd5 4. Nf3 f5 5. Nc3 Nf6 6. Bd3 {A10: English Opening: Unusual Replies for Black.} c6 7. Nd4 g6 {[#]} 8. b3 $146 {The position is equal.} ({Predecessor:} 8. O-O Bd6 9. h3 O-O 10. Be2 a6 11. Nb3 Be6 12. d3 Nbd7 13. Bd2 c5 14. a4 {0-1 (22) Manis,J-Frias,R IECG email 2003}) 8... Bg7 9. Ba3 b6 10. Qf3 ({White should try} 10. Rc1 $14) 10... Bb7 (10... c5 $15 {keeps the upper hand.} 11. Bb5+ Kf7) 11. h4 (11. Rc1 $16) 11... c5 ({Better is} 11... Kf7 $11) 12. Ne6 $14 {[%mdl 64] Double Attack} Qd7 13. Nxg7+ Qxg7 14. Nb5 {Black must now prevent Nd6+.} O-O {Strongly threatening ...a6.} 15. Nd6 $2 {[%mdl 8192]} (15. Bb2 $11 {and White stays safe.}) 15... Bc6 $2 (15... Ne4 $19 16. O-O-O Nxd6) 16. Bb5 $2 {[%mdl 8192]} (16. Bb2 $11 {and White is okay.}) 16... Ne4 $2 (16... Qd7 $19 {is more deadly.} 17. Bxc6 Nxc6) 17. Bxc6 (17. Rd1 $142) 17... Qxa1+ ({Black should play} 17... Nxc6 $17 18. d4 f4 19. Nxe4 fxe3 20. Nf6+ Qxf6 21. Qxf6 Rxf6 22. fxe3 cxd4) 18. Ke2 $11 Qxh1 $4 {[%mdl 8192]} (18... Qe5 $1 $11 19. Bxa8 Qxd6) 19. Bxd5+ $18 {[%mdl 64] Double Attack} Kg7 {Hoping for ...Qb1.} 20. Bb2+ Nf6 21. Bxa8 Qxh4 22. Bd5 $2 {[#]} (22. Qb7+ $18 Kh6 23. Qe7 $1 {[%mdl 512]}) 22... Qg4 (22... h5 $1 $17) 23. Qxg4 $11 fxg4 24. Be6 $1 Nc6 25. Ne4 h5 26. Nxf6 Rxf6 27. Bxf6+ Kxf6 {[%mdl 4096] Endgame KB-KN} 28. Bd5 $2 {Black converts the advantage convincingly.} (28. Bc4 $11 {and White has nothing to worry.}) 28... Nb4 $19 29. a4 $2 (29. Bc4) 29... Nxd5 {KN-KP} 30. d4 Nb4 31. f3 g3 32. Kd2 Kf5 33. Kc3 g5 34. dxc5 bxc5 35. Kc4 g4 36. Kxc5 Nc2 {Black mates.} 37. e4+ Ke5 38. fxg4 hxg4 39. b4 Ne3 40. b5 Nxg2 {KN-K3P} 41. a5 Nf4 42. b6 axb6+ 43. axb6 {KN-KPP} Ne6+ 44. Kc6 g2 45. b7 Nd8+ 46. Kc7 {[#]} Nxb7 $1 {[%mdl 64] Promotion} 47. Kxb7 Kxe4 {KP-KP} 48. Kc7 g1=Q 49. Kd7 Qd4+ 50. Ke7 g3 51. Kf7 g2 52. Kg6 Qe5 53. Kf7 g1=Q {[%csl Ge5][%cal Rg1g7]} 54. Kf8 Qf2+ 55. Kg8 Qeg3+ 56. Kh7 Qfh2# {Accuracy: White = 32%, Black = 51%.} 0-1

[Event "Stay Safe Play From Home 387"]
[Site "Emanuel Lasker Arena"]
[Date "2020.08.16"]
[Round "5"]
[White "Möwe"]
[Black "buzaglo"]
[Result "1-0"]
[WhiteElo "1573"]
[BlackElo "1751"]
[Annotator "NA RC"]
[PlyCount "119"]
[EventDate "2020.08.16"]
[EventType "swiss (blitz)"]

1. e4 {[%emt 0:00:01]} e5 {[%emt 0:00:01]} 2. d4 {[%emt 0:00:01]} exd4 {[%emt 0:00:02]} 3. Nf3 {[%emt 0:00:00]} c5 {[%emt 0:00:01]} 4. Bc4 {[%emt 0:00:02]} Be7 {[%emt 0:00:01]} 5. O-O {[%emt 0:00:01]} Nc6 {[%emt 0:00:03]} 6. c3 {[%emt 0:00:03]} dxc3 {[%emt 0:00:02]} 7. Nxc3 {[%emt 0:00:01]} Nf6 {[%emt 0:00:06]} 8. e5 {[%emt 0:00:05]} Ng4 {[%emt 0:00:04]} 9. Re1 {[%emt 0:00:05]} O-O {[%emt 0:00:02]} 10. h3 {[%emt 0:00:01]} Nh6 {[%emt 0:00:07]} 11. Bxh6 {[%emt 0:00:02]} gxh6 {[%emt 0:00:00]} 12. Re4 {[%emt 0:00:19]} Kh8 {[%emt 0:00:08]} 13. Nd5 {[%emt 0:00:07]} f5 {[%emt 0:00:07]} 14. exf6 {[%emt 0:00:05]} Bxf6 {[%emt 0:00:01]} 15. Nxf6 {[%emt 0:00:05]} Qxf6 {[%emt 0:00:02]} 16. Qd2 {[%emt 0:00:17]} Nb4 {[%emt 0:00:11]} 17. Rae1 {[%emt 0:00:03]} d5 {[%emt 0:00:03]} 18. Re8 {[%emt 0:00:05]} Bf5 {[%emt 0:00:16]} 19. Rxa8 {[%emt 0:00:12]} Rxa8 {[%emt 0:00:02]} 20. Bxd5 {[%emt 0:00:08]} Rd8 {[%emt 0:00:02]} 21. Re5 {[%emt 0:00:27]} Bg6 {[%emt 0:01:26]} 22. a3 {[%emt 0:00:07]} Nxd5 {[%emt 0:00:10]} 23. Rxd5 {[%emt 0:00:01]} Rxd5 {[%emt 0:00:07]} 24. Qxd5 {[%emt 0:00:02]} Qf8 {[%emt 0:00:02]} 25. Qxb7 {[%emt 0:00:08]} a5 {[%emt 0:00:06]} 26. Qb5 {[%emt 0:00:13]} Be4 {[%emt 0:00:06]} 27. Nd2 {[%emt 0:00:10]} Bd5 {[%emt 0:00:13]} 28. Qxa5 {[%emt 0:00:04]} Qg8 {[%emt 0:00:05]} 29. Qc3+ {[%emt 0:00:05]} Qg7 {[%emt 0:00:01]} 30. Qxg7+ {[%emt 0:00:04]} Kxg7 {[%emt 0:00:00]} 31. a4 {[%emt 0:00:03]} Kf6 {[%emt 0:00:02]} 32. a5 {[%emt 0:00:01]} Ke7 {[%emt 0:00:02]} 33. f3 {[%emt 0:00:01]} Kd6 {[%emt 0:00:02]} 34. Kf2 {[%emt 0:00:00]} Kc6 {[%emt 0:00:01]} 35. Ke3 {[%emt 0:00:01]} Kb5 {[%emt 0:00:01]} 36. Ne4 {[%emt 0:00:04]} c4 {[%emt 0:00:02]} 37. Nc3+ {[%emt 0:00:03]} Kc5 {[%emt 0:00:04]} 38. Nxd5 {[%emt 0:00:05]} Kxd5 {[%emt 0:00:00]} 39. a6 {[%emt 0:00:01]} Kc6 {[%emt 0:00:01]} 40. Kd4 {[%emt 0:00:01]} Kb6 {[%emt 0:00:01]} 41. a7 {[%emt 0:00:01]} Kxa7 {[%emt 0:00:01]} 42. Kxc4 {[%emt 0:00:01]} Kb6 {[%emt 0:00:01]} 43. b4 {[%emt 0:00:03]} h5 {[%emt 0:00:01]} 44. g4 {[%emt 0:00:02]} h4 {[%emt 0:00:01]} 45. f4 {[%emt 0:00:02]} Kc6 {[%emt 0:00:01]} 46. b5+ {[%emt 0:00:01]} Kb6 {[%emt 0:00:03]} 47. g5 {[%emt 0:00:02]} Kb7 {[%emt 0:00:01]} 48. Kc5 {[%emt 0:00:01]} Kc7 {[%emt 0:00:01]} 49. b6+ {[%emt 0:00:01]} Kb7 {[%emt 0:00:01]} 50. f5 {[%emt 0:00:03]} Kc8 {[%emt 0:00:01]} 51. Kc6 {[%emt 0:00:01]} Kd8 {[%emt 0:00:01]} 52. b7 {[%emt 0:00:02]} Ke7 {[%emt 0:00:00]} 53. b8=Q {[%emt 0:00:02]} h5 {[%emt 0:00:00]} 54. gxh6 {[%emt 0:00:02]} Kf6 {[%emt 0:00:01]} 55. Qf4 {[%emt 0:00:02]} Kf7 {[%emt 0:00:01]} 56. Qxh4 {[%emt 0:00:01]} Kg8 {[%emt 0:00:00]} 57. Qg5+ {[%emt 0:00:02]} Kf7 {[%emt 0:00:00]} 58. Qg7+ {[%emt 0:00:01]} Ke8 {[%emt 0:00:01]} 59. Kd6 {[%emt 0:00:06]} Kd8 {[%emt 0:00:01]} 60. Qf8# {[%emt 0:00:01] (Lag: Av=0.71s, max=1.3s) (Lag: Av=0.71s, max=1.3s) (Lag: Av=0.71s, max=1.3s)} 1-0

[Event "Stay Safe Play From Home 387"]
[Site "Emanuel Lasker Arena"]
[Date "2020.08.16"]
[Round "5"]
[White "chungaers"]
[Black "Timbre"]
[Result "0-1"]
[WhiteElo "1408"]
[BlackElo "1632"]
[Annotator "NA RC"]
[PlyCount "76"]
[EventDate "2020.08.16"]
[EventType "swiss (blitz)"]

1. e4 {[%emt 0:00:02]} c6 {[%emt 0:00:20]} 2. b3 {[%emt 0:00:05]} d5 {[%emt 0:00:01]} 3. exd5 {[%emt 0:00:06]} cxd5 {[%emt 0:00:02]} 4. d4 {[%emt 0:00:03]} Nc6 {[%emt 0:00:01] chungaers reconnected. chungaers reconnected. chungaers reconnected.} 5. Ne2 {[%emt 0:01:13]} Bf5 {[%emt 0:00:05]} 6. a3 {[%emt 0:00:09]} e6 {[%emt 0:00:02]} 7. Nbc3 {[%emt 0:00:02]} Nf6 {[%emt 0:00:01]} 8. Bb2 {[%emt 0:00:06]} Rc8 {[%emt 0:00:02]} 9. h4 {[%emt 0:00:03]} h6 {[%emt 0:00:02]} 10. Ng3 {[%emt 0:00:02]} Bh7 {[%emt 0:00:06]} 11. Bb5 {[%emt 0:00:02]} a6 {[%emt 0:00:03]} 12. Be2 {[%emt 0:00:04]} Bd6 {[%emt 0:00:04]} 13. O-O {[%emt 0:00:05]} Qc7 {[%emt 0:00:09]} 14. Nh5 {[%emt 0:00:07]} Nxh5 {[%emt 0:00:04]} 15. Bxh5 {[%emt 0:00:03]} O-O {[%emt 0:00:02]} 16. Rc1 {[%emt 0:00:06]} Qe7 {[%emt 0:00:03]} 17. g3 {[%emt 0:00:06]} Bxa3 {[%emt 0:00:12]} 18. Na4 {[%emt 0:00:08]} Bxb2 {[%emt 0:00:02]} 19. Nxb2 {[%emt 0:00:01]} Qf6 {[%emt 0:00:04]} 20. c3 {[%emt 0:00:05]} Ne7 {[%emt 0:00:05]} 21. Nd3 {[%emt 0:00:07]} Ng6 {[%emt 0:00:07]} 22. Qe2 {[%emt 0:00:09]} Ne7 {[%emt 0:00:13]} 23. Ne5 {[%emt 0:00:11]} Rfd8 {[%emt 0:00:05]} 24. Nxf7 {[%emt 0:00:27]} Rf8 {[%emt 0:00:08]} 25. Ne5 {[%emt 0:00:01]} Rcd8 {[%emt 0:00:05]} 26. Bg4 {[%emt 0:00:06]} Bf5 {[%emt 0:00:03]} 27. Rfe1 {[%emt 0:00:18]} Bxg4 {[%emt 0:00:02] chungaers reconnected. chungaers reconnected. chungaers reconnected.} 28. Nxg4 {[%emt 0:00:22]} Qf5 {[%emt 0:00:04]} 29. Qxe6+ {[%emt 0:00:02]} Qxe6 {[%emt 0:00:02]} 30. Rxe6 {[%emt 0:00:01]} Nc6 {[%emt 0:00:01]} 31. Rce1 {[%emt 0:00:05]} Na5 {[%emt 0:00:03]} 32. Ne5 {[%emt 0:00:02]} Nxb3 {[%emt 0:00:05]} 33. Rb6 {[%emt 0:00:02]} Nd2 {[%emt 0:00:06]} 34. Rxb7 {[%emt 0:00:03]} Ne4 {[%emt 0:00:02]} 35. Re2 {[%emt 0:00:05]} Nxc3 {[%emt 0:00:03]} 36. Rc2 {[%emt 0:00:01]} Ne4 {[%emt 0:00:04]} 37. f3 {[%emt 0:00:02]} Nxg3 {[%emt 0:00:04]} 38. Rcc7 {[%emt 0:00:00]} Nf5 {[%emt 0:00:03] chungaers reconnected. chungaers reconnected. chungaers reconnected. TimeW TimeW TimeW} 0-1

[Event "Stay Safe Play From Home 387"]
[Site "Emanuel Lasker Arena"]
[Date "2020.08.16"]
[Round "5"]
[White "Salza1"]
[Black "Imadns"]
[Result "0-1"]
[WhiteElo "1403"]
[BlackElo "2017"]
[Annotator "TA"]
[PlyCount "30"]
[EventDate "2020.08.16"]
[EventType "swiss (blitz)"]
[WhiteTeam "SF Bad Tölz"]

{[%evp 9,29,-99,-100,-135,-170,-269,-251,-591,-604,-861,-852,-879,-884,-956,-923,-1320,-753,-29988,-29989,-29998,-29999,-29999]} 1. e4 e5 2. Nf3 Nc6 3. c3 d5 4. Qc2 dxe4 5. Qxe4 Nf6 6. Qc2 {C44: Ponziani Opening and Scotch Gambit.} e4 {[#]} 7. Ng1 {[#]} (7. Nd4 $142 $1 {[%mdl 512]}) 7... Ne5 $146 ({Predecessor:} 7... Bc5 8. h3 Ne5 9. b4 Bb6 10. a4 a6 11. a5 Ba7 12. Bb2 Nd3+ 13. Bxd3 exd3 14. Qd1 Ne4 {0-1 (14) Jakobi,W (1597)-Dolzhikov,A (1808) ICCF email 2018}) 8. g3 $2 (8. Na3 {is a better chance.}) 8... Bc5 $19 9. h3 O-O 10. b4 Re8 11. bxc5 Nd3+ {[%mdl 64] Double Attack} 12. Ke2 Ng4 {Hoping for ...Qf6!} 13. Bg2 {[#]} Qf6 $1 {[%mdl 512] Black mates.} 14. hxg4 Qxf2+ {[%mdl 64] Double Attack} 15. Kd1 Qe1# {White did not feel at home in the position after the opening. Accuracy: White =  5%, Black = 76%.} 0-1

[Event "Stay Safe Play From Home 387"]
[Site "Emanuel Lasker Arena"]
[Date "2020.08.16"]
[Round "6"]
[White "SelamiSahin"]
[Black "Lazieri3"]
[Result "1-0"]
[WhiteElo "2158"]
[BlackElo "1933"]
[Annotator "TA"]
[PlyCount "99"]
[EventDate "2020.08.16"]
[EventType "swiss (blitz)"]

{[%evp 16,99,-16,-12,5,-2,-8,-2,-1,-2,19,15,81,86,110,135,244,236,293,284,297,295,297,304,289,297,277,283,260,118,118,0,247,0,120,118,119,108,128,88,137,137,145,145,185,184,169,158,137,49,404,63,50,83,41,41,228,228,999,930,806,760,561,0,12829,12830,6544,6544,2289,2727,12839,12839,12839,12839,12841,0,0,0,0,0,0,0,0,0,0,0]} 1. d4 c6 2. c4 d5 3. Nc3 Nf6 4. Nf3 Bf5 5. Qb3 Qb6 6. cxd5 Qxb3 7. axb3 Nxd5 8. Nxd5 cxd5 9. e3 a6 {[#] D15: Slav Defence: 4 Nc3 a6 and gambit lines after 4 Nc3 dxc4.} 10. Ne5 $146 ({Predecessor:} 10. Bd2 Nc6 11. Be2 e6 12. O-O Bd6 13. Rfc1 O-O 14. Bxa6 Nxd4 15. Nxd4 bxa6 16. Rc6 Be5 17. Nxf5 exf5 {1-0 (47) Batkovskyte,D (1924)-Horzic,A Sibenik 2007}) 10... f6 11. Bd3 Bxd3 (11... g6 {with more complications.} 12. Bxf5 gxf5 13. Nd3 Nc6 14. Bd2 e6) 12. Nxd3 Nd7 13. Bd2 Rc8 (13... e6 $11 {remains equal.}) 14. Ke2 $16 e6 15. Rhc1 $36 {[%mdl 2048] Black is under strong pressure.} Kd8 (15... Rb8 $16) 16. Nf4 $1 $18 {[%cal Rf4e6]} Rxc1 17. Rxc1 Ke7 18. Rc7 g5 19. Bb4+ Ke8 20. Bxf8 (20. Nxe6 Bxb4 21. Rc8+ Kf7 $16) 20... gxf4 {[%mdl 4096] Endgame KRB-KRN} 21. Bd6 Rg8 22. Rc8+ ({Don't do} 22. Bxf4 $6 Rxg2 23. Rxb7 Rg1 $16) (22. Rxb7 fxe3 23. Kxe3 Rxg2 $14) (22. exf4 $18 {And now g3 would win.} a5 23. g3 (23. Rxb7 Rxg2 24. f5 exf5 $16)) 22... Kf7 $16 23. Rc7 (23. Rxg8 $1 $16 Kxg8 24. Bxf4 (24. exf4 Nb6 $16)) 23... Ke8 $18 24. Rc8+ ({Resist} 24. Bxf4 $6 Rxg2 25. Rxb7 Rg1 $16) ({Less strong is} 24. Rxb7 fxe3 25. Kxe3 Rxg2 $14) (24. exf4 $18 {is the precise move to win. g3 is the strong threat.} a5 25. g3 (25. Rxb7 Rxg2 26. f5 exf5 $16)) 24... Kf7 $16 25. Rxg8 $1 Kxg8 26. Bxf4 {KB-KN} e5 27. Bg3 Kf7 28. Kd3 Ke6 29. f3 Nb8 30. dxe5 fxe5 31. f4 e4+ {[#]} 32. Kd4 ({Better is} 32. Kc3 $1 $16 Nc6 33. h3) 32... Nd7 $2 {[%mdl 8192]} (32... Nc6+ $14 33. Kc3 a5) 33. h4 $2 (33. Be1 $18) 33... h5 34. f5+ Kxf5 35. Kxd5 b6 $2 {[#]} (35... Nf6+ $14 36. Kc5 Ke6) 36. Kc6 $1 $18 {[%cal Rc6d7]} Nc5 $2 (36... Ke6 37. Be1 b5) 37. Kxb6 Nxb3 38. Kxa6 Kg4 39. Bf4 $2 (39. Bd6 $18 {Black must now prevent Kb5.} Kf5 40. Kb5) 39... Kxh4 $2 {[%mdl 8192]} (39... Nc5+ $11 40. Kb5 Nd3) 40. Kb5 Kg4 41. Kc4 Na5+ 42. Kc3 h4 43. b4 Nc6 44. b5 Ne7 45. b6 $2 ({White should play} 45. Kc4 $18 Kf5 46. Kc5) 45... Nd5+ $11 {The position is equal.} 46. Kd4 Nxb6 47. Kxe4 Nd7 48. Kd5 Nf8 49. Ke5 Ng6+ 50. Ke4 {[%mdl 32768] Accuracy: White = 72%, Black = 51%. . Sensor Board Error (Ke4/e5)?} 1-0